000 00641nam a2200277Ia 4500
005 20260324122144.0
008 008 260324s9999 xx 000 0 eng d
020 _a9780203079461
037 _aEBOOK
040 _aCRL
040 _beng
040 _cCRL
041 _2eng
041 _aeng
084 _qCRL
100 _aDarla Twale
_91165332
245 2 _aA Faculty Guide for Succeeding in Academe
260 _bTaylor and Francis
260 _c2013
365 _a
365 _b240
856 _uhttp://www.taylorfrancis.com/books/9780203079461
942 _cEBOOK
999 _c1757866
_d1757866